00518nam a2200205 a 4500001001300000003000900013005001700022008004100039020000800080082001900088100002000107245002200127260005400149300000900203500003500212505001300247650001600260650001600276700002000292nice12345678IN_TiNIC20260116012442.0050524s1972 hyda grp 000 0 urd  ac400a891.4391bZAI1 aZaidi, M Akhtar aGhalib Awr Akhtar aHyderabad bMarkazi Anjuman Taleemus Salat c1972 a125p aincludes index and biblioraphy2 aAppendix aUrdu-Poetry aPoetry-Shia1 aZaidi, M Akhtar